000 00451nam a22001577a 4500
003 OSt
008 260423b |||||||| |||| 00| 0 eng d
082 _a634.421
_bP74E
100 _aPrasad, Birendra
245 _aEffect of Foliar Feeeding of Urea Zinc and Boron on Yield and Quality Attributes of Guava
260 _aPusa, Samastipur
_bRAU
_c1999
300 _a72P.
502 _bMsc.
_d1999
650 _aFruit and Fruit Technology
942 _2ddc
_cT
999 _c50121
_d50121